| 000 | 01022nam a22003017a 4500 | ||
|---|---|---|---|
| 001 | BR0204539 | ||
| 003 | BR-BrBNA | ||
| 005 | 20230928101147.0 | ||
| 007 | ta | ||
| 008 | 230509b bl.||||| |||| 00| 0 por d | ||
| 040 |
_aBR-BrBNA _bpor _cBiblioteca Nacional de Agricultura |
||
| 041 | _a(Por) | ||
| 072 |
_aH20 _b2790 _b4120 |
||
| 090 | _ 2790 BR0204539 | ||
| 100 | 1 | _aFiori, A.C.G. | |
| 110 | 1 |
_aUniversidade Estadual de Maringá, PR (Brasil) _0Tese (Mestre em Agronomia) _910653 |
|
| 245 | 1 | _aEfeito de Cymbopogon citratus, Eucalyptus citriodora, Ageratum conyzoides e Achillea millefolium no crescimento vegetativo de Didymella bryoniae (Auersw.)Rehm | |
| 260 | 3 |
_aMaringá, PR (Brasil): _c1998. |
|
| 300 | _a70 p. | ||
| 500 | _aSummaries (Eng, Por); Bibliography p. 58-70; 14 illus.; 9 tables | ||
| 650 | _aPLANTA MEDICINAL | ||
| 650 | _aFUNGO | ||
| 650 | _aCONTROLE BIOLÓGICO | ||
| 650 | _aMÉTODO ESTATÍSTICO | ||
| 650 | _aCONTROLE QUÍMICO | ||
| 909 |
_a202309 _bLucia _c55 _dLucia Elande |
||
| 942 | _cBK | ||
| 999 |
_c64526 _d64526 |
||